000 00634nam a2200241Ia 4500
003 OSt
005 20220918212627.0
006 a|||||r|||| 00| 0
007 ta
008 220917b |||||||| |||| 00| 0 eng d
024 _a129,572
037 _cTextual
040 _aARTS
_cARTS
_beng
041 _2eng
_aeng
082 _aX:2717k, L6
100 _aLapedes Daniel N Ed.
_9124336
245 0 _aMcGraw Hill encyclopedia of energy
260 _aN York
_bMcGhills
_c1976
300 _a785p.
_ccm.
650 _aECONOMICS
942 _hX:2717k, L6
_cTEXL
_2CC
999 _c252699
_d252699